| 000 | 00432nam a2200157 i 4500 | ||
|---|---|---|---|
| 001 | 83950 | ||
| 003 | ES-MaACL | ||
| 005 | 20230906174923.0 | ||
| 007 | t| | ||
| 008 | 041118s1949 cu ||||1| spa d | ||
| 100 | 1 |
_aIraizoz, Antonio. _965408 |
|
| 245 | 1 | 0 |
_aSinfonía del terruño / _cAntonio Iraizoz. |
| 260 |
_aLa Habana : _b[s.n., _c1949] ( _fMolina y Cía) |
||
| 300 |
_a127 p. ; _c18 cm. |
||
| 852 |
_aES-MaACL _jD-6079 _bR.31435 |
||
| 999 |
_c83950 _d83950 |
||